新宿駅から直線距離で30km圏内にある駅サドンデス - Statistics

General Stats
  • This quiz has been taken 165 times
  • The average score is 2 of 15
Answers on the Grid
Answers color-coded by a green-red scale on the quiz's grid according to % correct below.
磯子
上大岡
東戸塚
鶴ヶ峰
南町田グランベリーパーク
町田
淵野辺
唐木田
南大沢
多摩動物公園
豊田
昭島
西武立川
西武球場前
小手指
狭山市
川越
上尾
丸山(埼玉県)
東大宮
岩槻
春日部
野田市
流山おおたかの森
新鎌ヶ谷
北習志野
津田沼
京成津田沼
新習志野
 
Answer Stats
Answer % Correct
町田
54%
唐木田
30%
南町田グランベリーパーク
21%
豊田
20%
多摩動物公園
13%
東大宮
12%
津田沼
12%
鶴ヶ峰
11%
西武球場前
10%
小手指
8%
京成津田沼
7%
岩槻
5%
流山おおたかの森
5%
新鎌ヶ谷
4%
新習志野
3%
No matching quizzes found
Score Distribution
Percent of People with Each Score
Percentile by Number Answered
Your Score History
You have not taken this quiz